| 000 | 00559cam a2200193 4500 | ||
|---|---|---|---|
| 008 | 090401t1972 xxu||||| |||| 00| 0 eng d | ||
| 020 | _a0043000355 | ||
| 035 | _a(Sirsi) u35574 | ||
| 041 | _aeng | ||
| 050 | _a339.41 | ||
| 100 | _aMishan, Edward Joshua | ||
| 245 | _aElements of cost-benefit analysis | ||
| 260 |
_aLondon _bAllen and Unwin _c1972 |
||
| 300 | _a3-151p. ill. 23cm. Bibl. index | ||
| 350 | _a3.15 | ||
| 520 | _aPublished in the USA under the title "Economics of Social decision" - title page verso | ||
| 942 | _n0 | ||
| 948 | _c04/03/1997 | ||
| 999 |
_c90127 _d90127 |
||